<?xml version="1.0" encoding="UTF-8"?>
<record
    xmlns:xsi="http://www.w3.org/2001/XMLSchema-instance"
    xsi:schemaLocation="http://www.loc.gov/MARC21/slim http://www.loc.gov/standards/marcxml/schema/MARC21slim.xsd"
    xmlns="http://www.loc.gov/MARC21/slim">

  <leader>01449nam a2200193 i 4500</leader>
  <controlfield tag="001">768714001</controlfield>
  <controlfield tag="003">CO-MdFUSB</controlfield>
  <controlfield tag="005">20220725163911.0</controlfield>
  <controlfield tag="008">220725t1984    ck  |||| |||| 00| 0 spa d</controlfield>
  <datafield tag="040" ind1=" " ind2=" ">
    <subfield code="b">spa</subfield>
    <subfield code="c">CO-MdFUSB</subfield>
    <subfield code="d">CO-MdFUSB</subfield>
  </datafield>
  <datafield tag="041" ind1=" " ind2=" ">
    <subfield code="a">spa</subfield>
  </datafield>
  <datafield tag="100" ind1=" " ind2=" ">
    <subfield code="a">Kafka, Franz, </subfield>
    <subfield code="e">autor</subfield>
  </datafield>
  <datafield tag="245" ind1=" " ind2="3">
    <subfield code="a">La metamorfosis y otros cuentos</subfield>
    <subfield code="c">/ Franz Kafka</subfield>
  </datafield>
  <datafield tag="300" ind1=" " ind2=" ">
    <subfield code="a">Volumen 11, (1984) p&#xE1;ginas 397 - 475 ; </subfield>
    <subfield code="c">22 cm</subfield>
  </datafield>
  <datafield tag="520" ind1=" " ind2=" ">
    <subfield code="a">La metamorfosis es una narraci&#xF3;n autor&#xED;a de Franz Kafka, publicada en 1915, que cuenta la historia de la transformaci&#xF3;n de Gregorio Samsa en un monstruoso insecto, y del drama familiar que, a ra&#xED;z de este acontecimiento, se desata.

Su t&#xED;tulo original en alem&#xE1;n es Die Verwandlung, que podr&#xED;a traducirse como &#x2018;la transformaci&#xF3;n&#x2019;. No obstante, en espa&#xF1;ol se ha optado por designarlo como 'metamorfosis', palabra que tiene un componente m&#xED;tico asociado.

En este relato se ha querido ver una alegor&#xED;a del enfrentamiento del hombre ante un mundo moderno que lo oprime y lo borra.

Por su parte, la transformaci&#xF3;n de Gregorio en lo que es presumiblemente un escarabajo, que es un suceso fant&#xE1;stico, extraordinario, inaugura la literatura del absurdo, que en las d&#xE9;cadas posteriores influir&#xE1; a numerosos escritores consagrados.</subfield>
  </datafield>
  <datafield tag="653" ind1=" " ind2=" ">
    <subfield code="a">Literatura alemana</subfield>
  </datafield>
  <datafield tag="773" ind1="0" ind2=" ">
    <subfield code="0">67924</subfield>
    <subfield code="9">81150</subfield>
    <subfield code="a">Oveja Negra, </subfield>
    <subfield code="o">24700</subfield>
    <subfield code="t">Maestros de la literatura universal </subfield>
    <subfield code="w">(CO-MdFUSB)768714001</subfield>
    <subfield code="z">8482806718</subfield>
  </datafield>
  <datafield tag="942" ind1=" " ind2=" ">
    <subfield code="c">BK</subfield>
  </datafield>
  <datafield tag="999" ind1=" " ind2=" ">
    <subfield code="c">68003</subfield>
    <subfield code="d">68003</subfield>
  </datafield>
</record>
